Kraje które mają tytuły mistrza świata w F1 - Statystyki

Ogólne statystyki
  • Ten quiz został rozwiązany 68 razy
  • Średni wynik to 13 z 15
Statystyki odpowiedzi
Kraj Liczba % Poprawnych
Niemcy 12
100%
Hiszpania 2
98%
Wielka Brytania 20
98%
Francja 4
97%
Brazylia 8
93%
Włochy 3
93%
Holandia 4
92%
Stany Zjednoczone 2
92%
Kanada 1
88%
Argentyna 5
87%
Australia 4
87%
Austria 4
83%
Finlandia 4
80%
RPA 1
72%
Nowa Zelandia 1
63%
Nie znaleziono quizów pasujących do podanych kryteriów
Rozkład punktacji
Procent ludzi z każdym wynikiem
Percentyl według liczby udzielonych odpowiedzi
Twoja historia wyników
Nie rozwiązałeś tego quizu